[Event "Middle rating MT"]
[Site "SchemingMind.com"]
[Date "2017.10.29"]
[Round "-"]
[White "aliwood"]
[Black "Chessibelle"]
[Result "1-0"]
[WhiteCountry "ENG"]
[BlackCountry "ENG"]
[WhiteElo "1242"]
[WhiteRD "59"]
[BlackElo "1084"]
[BlackRD "61"]
[GameID "419915"]

1. Nf3 Nc6 2. e4 e5 3. Bb5 Nf6 4. O-O g6 5. Nc3 d6 6. d3 Bg7 7. Bg5 O-O 8. a3 Qd7 9. Nd5 a6 10. Ba4 b5
11. Bxf6 bxa4 12. Ng5 Bh6 13. h4 Nd4 14. Ne7+
1-0

[Event "Middle rating MT"]
[Site "SchemingMind.com"]
[Date "2017.10.29"]
[Round "-"]
[White "Chessibelle"]
[Black "aliwood"]
[Result "0-1"]
[WhiteCountry "ENG"]
[BlackCountry "ENG"]
[WhiteElo "1084"]
[WhiteRD "61"]
[BlackElo "1242"]
[BlackRD "59"]
[GameID "419916"]

1. e4 e5 2. Nf3 Nc6 3. d3 Nf6 4. Nc3 Bc5 5. h3 O-O 6. Be2 d5 7. O-O d4 8. Nb5 a6 9. Na3 b5 10. c3 Be6
11. h4 Qd7 12. Re1 h6 13. Nc2 Ne7 14. b4 Ba7 15. Bb2 Rac8 16. Qd2 c5 17. Ba3 c4 18. Nxe5 Qc7 19. f4 Bg4 20. Nxg4 Nxg4
21. Bxg4 dxc3+ 22. Qf2 Bxf2+ 23. Kxf2 Rcd8 24. Ne3 cxd3 25. e5 d2 26. Rf1 Qb6 27. Ke2 Nc6 28. Bh5 Nd4+ 29. Kd1 Ne6 30. Nf5 Nd4
31. Ne3 Rc8 32. f5 Rfd8 33. Rb1 c2+ 34. Kxd2 Nb3+ 35. Ke2 cxb1=Q 36. Rxb1 Rd2+ 37. Ke1 Qxe3+ 38. Kf1 Qf2#
0-1

[Event "Middle rating MT"]
[Site "SchemingMind.com"]
[Date "2017.10.31"]
[Round "-"]
[White "aliwood"]
[Black "Wolli"]
[Result "0-1"]
[WhiteCountry "ENG"]
[BlackCountry "GER"]
[WhiteElo "1266"]
[WhiteRD "59"]
[BlackElo "1509"]
[BlackRD "86"]
[GameID "420003"]

1. Nf3 Nf6 2. c4 e6 3. d4 d5 4. Nc3 Be7 5. Bg5 O-O 6. Ne5 h6 7. Bh4 Nbd7 8. Nxd7 Qxd7 9. e3 b6 10. Be2 dxc4
11. Bxc4 Bb7 12. Bb5 c6 13. Ba4 b5 14. Bb3 Nd5 15. Bxe7 Qxe7 16. Nxd5 cxd5 17. O-O b4 18. Rc1 Rac8
0-1

[Event "Middle rating MT"]
[Site "SchemingMind.com"]
[Date "2017.10.30"]
[Round "-"]
[White "Wolli"]
[Black "aliwood"]
[Result "1-0"]
[WhiteCountry "GER"]
[BlackCountry "ENG"]
[WhiteElo "1509"]
[WhiteRD "86"]
[BlackElo "1266"]
[BlackRD "59"]
[GameID "420004"]

1. c4 e6 2. g3 d5 3. cxd5 exd5 4. Bg2 Nf6 5. d4 Be7 6. Nc3 c6 7. Nf3 O-O 8. O-O a6 9. Bg5 Nbd7 10. Re1 Nb6
11. b3 Nbd7 12. e4 h6 13. Bxf6 Nxf6 14. e5 Ne4 15. Nxe4 dxe4 16. Nd2 Bb4 17. Rxe4 Bc3 18. Rc1
1-0

[Event "Middle rating MT"]
[Site "SchemingMind.com"]
[Date "2017.10.28"]
[Round "-"]
[White "Wolli"]
[Black "Chessibelle"]
[Result "1-0"]
[WhiteCountry "GER"]
[BlackCountry "ENG"]
[WhiteElo "1575"]
[WhiteRD "99"]
[BlackElo "1084"]
[BlackRD "61"]
[GameID "420005"]

1. c4 e5 2. g3 d6 3. Bg2 Ne7 4. Nc3 g6 5. Nf3 Bg7 6. O-O Nbc6 7. e3 O-O 8. d4 Bf5 9. b3 a6 10. Bb2 a5
11. Nh4 h6 12. Nxf5 Nxf5 13. dxe5 Nxe5 14. Bxb7 Rb8 15. Bg2 Bf6 16. Rb1 c6 17. Ne4 Be7 18. Qc2 d5 19. Bxe5 Rc8 20. Nd2 f6
21. Bb2 Qd7 22. Qd3 g5 23. cxd5 Bd6 24. dxc6 Qe7 25. Ne4 Bc7 26. Nxf6+ Rxf6 27. Bxf6 Qxf6 28. Qd7 Rb8 29. Qxc7 Rf8 30. Qxa5 Nd6
31. c7 Qe6 32. Bd5
1-0

[Event "Middle rating MT"]
[Site "SchemingMind.com"]
[Date "2017.10.30"]
[Round "-"]
[White "Chessibelle"]
[Black "Wolli"]
[Result "0-1"]
[WhiteCountry "ENG"]
[BlackCountry "GER"]
[WhiteElo "1084"]
[WhiteRD "61"]
[BlackElo "1575"]
[BlackRD "99"]
[GameID "420006"]

1. e4 d6 2. Nc3 Nf6 3. d3 g6 4. Nf3 Bg7 5. Be2 O-O 6. O-O e5 7. a3 Nc6 8. Re1 Bg4 9. Be3 Nd7 10. h3 Bxf3
11. Bxf3 f5 12. Nd5 fxe4 13. dxe4 Rb8 14. c3 Nb6 15. Be2 Ne7 16. Bg5 Nbxd5 17. g3 Bf6 18. Qd2 Bxg5 19. Qxg5 Nf6 20. Rad1 Nxe4
21. Qh4 d5 22. b3 Nxc3 23. Rc1 Nxe2+ 24. Rxe2 e4 25. b4 c6 26. f3 Rxf3 27. g4 Qc7 28. Kg2 Rbf8 29. Rf1 Rxf1 30. Re3 R8f2+
0-1

[Event "Middle rating MT"]
[Site "SchemingMind.com"]
[Date "2017.11.05"]
[Round "-"]
[White "aliwood"]
[Black "ray winteringham"]
[Result "0-1"]
[WhiteCountry "ENG"]
[BlackCountry "ENG"]
[WhiteElo "1301"]
[WhiteRD "55"]
[BlackElo "1443"]
[BlackRD "51"]
[GameID "420123"]

1. Nf3 d5 2. d4 Nc6 3. c4 e6 4. Nc3 Bb4 5. Bg5 f6 6. Bf4 Bxc3+ 7. bxc3 dxc4 8. Rb1 a6 9. e3 b5 10. Be2 h6
11. e4 Bb7 12. O-O g5 13. Be3 Nge7 14. a3 Na5 15. Nd2 O-O 16. Qc2 Kg7 17. Bh5 Ng6 18. e5 Qd5 19. Bf3 Qd7 20. Bxb7 Nxb7
21. Ne4 f5 22. Nf6 Qc6 23. f3 Nh4 24. Rbe1 Rh8 25. Rf2 Nd8 26. Ref1 Nf7 27. g3 Ng6 28. Qd2 Rad8 29. Qc1 Nf8 30. h4 gxh4
31. gxh4 h5 32. Rg2+ Ng6 33. Bg5 Qb6 34. Nxh5+ Rxh5 35. Bxd8 Nxd8 36. Qd1 Kh6 37. f4 Rxh4 38. Rh2 Qc6 39. Rf3 Rxh2 40. Kxh2 Nh4
41. Rg3 Qe4 42. Qg1 Nf3+ 43. Rxf3 Qxf3 44. Qg5+ Kh7 45. Qxd8 Qxf4+ 46. Kh3 Qh6+ 47. Kg3 Qg7+ 48. Kf3 Qg4+ 49. Ke3 f4+ 50. Kd2 Qg7
51. Qh4+ Qh6 52. Qe7+ Qg7 53. Qxe6 Qg2+ 54. Kc1 Qf1+
0-1

[Event "Middle rating MT"]
[Site "SchemingMind.com"]
[Date "2017.11.04"]
[Round "-"]
[White "ray winteringham"]
[Black "aliwood"]
[Result "0-1"]
[WhiteCountry "ENG"]
[BlackCountry "ENG"]
[WhiteElo "1443"]
[WhiteRD "51"]
[BlackElo "1301"]
[BlackRD "55"]
[GameID "420124"]

1. e4 e5 2. Nf3 Nc6 3. Bb5 a6 4. Bxc6 dxc6 5. d3 f6 6. Be3 Bd6 7. h3 Ne7 8. b3 O-O 9. c4 b5 10. O-O c5
11. Nbd2 c6 12. Nh4 b4 13. a3 a5 14. g4 Bb7 15. Ng2 Ng6 16. Nf3 Nf4 17. Nxf4 exf4 18. Bd2 Re8 19. Qc1 Be5 20. Nxe5 fxe5
21. f3 Bc8 22. a4 Be6 23. Kg2 Bf7 24. Rh1 Qxd3 25. Rb1 Qe2+ 26. Kg1 Qxf3 27. Qe1 Qd3 28. Kg2 Rad8 29. Bc1 Qxb1 30. Qf2 Qxb3
31. Qxc5 Qg3+ 32. Kf1 Qf3+ 33. Qf2 Rd1#
0-1

[Event "Middle rating MT"]
[Site "SchemingMind.com"]
[Date "2017.11.04"]
[Round "-"]
[White "Wolli"]
[Black "ray winteringham"]
[Result "1-0"]
[WhiteCountry "GER"]
[BlackCountry "ENG"]
[WhiteElo "1575"]
[WhiteRD "99"]
[BlackElo "1483"]
[BlackRD "52"]
[GameID "420125"]

1. c4 g6 2. g3 Bg7 3. Bg2 Nf6 4. Nc3 d6 5. e3 c5 6. Nge2 Nc6 7. O-O O-O 8. d4 cxd4 9. exd4 e5 10. b3 exd4
11. Nxd4 Nxd4 12. Qxd4 Bf5 13. Bb2 Ne4 14. Qe3 Re8 15. Rfe1 Qa5 16. Bxe4 Bxc3 17. Bxc3 Qa3 18. Qd4 Kf8 19. Qg7+ Ke7 20. Bxf5+ Kd8
21. Qf6+
1-0

[Event "Middle rating MT"]
[Site "SchemingMind.com"]
[Date "2017.11.03"]
[Round "-"]
[White "ray winteringham"]
[Black "Wolli"]
[Result "0-1"]
[WhiteCountry "ENG"]
[BlackCountry "GER"]
[WhiteElo "1483"]
[WhiteRD "52"]
[BlackElo "1575"]
[BlackRD "99"]
[GameID "420126"]

1. e4 d6 2. d4 Nf6 3. Bd3 c6 4. f4 g6 5. Nf3 Bg4 6. h3 Bxf3 7. Qxf3 Bg7 8. c3 O-O 9. Be3 Nbd7 10. Nd2 e5
11. O-O exd4 12. Bxd4 d5 13. e5 Ne8 14. b4 b5 15. a4 a6 16. a5 f6 17. e6 Nb8 18. Rfe1 Qe7 19. Bc5 Nd6 20. Re2 Re8
21. Rae1 f5 22. Nb1 Qc7 23. Bxd6 Qa7+ 24. Kh1 Bf6 25. c4 dxc4 26. Bc2 Qd4 27. Bc5 Qd8 28. Rd1 Qc8 29. Qe3 Be7 30. Nd2 Bxc5
31. Qxc5 Rxe6 32. Rde1 Nd7 33. Rxe6 Nxc5 34. bxc5 Qd7 35. Nf3 Qd5 36. R1e5 Qd7 37. Rd6 Qc7 38. Ree6 Qxa5 39. Rxc6 Qc3 40. Re2 b4
41. Rce6 b3 42. Bb1 Qc1+ 43. Re1 Qxf4 44. Ne5 c3 45. Nd3 Qd2 46. c6 c2 47. Re8+ Rxe8 48. Rxe8+ Kf7 49. Bxc2 Kxe8 50. Bxb3 Qxd3
51. Be6 Kd8
0-1

[Event "Middle rating MT"]
[Site "SchemingMind.com"]
[Date "2017.10.31"]
[Round "-"]
[White "ray winteringham"]
[Black "Chessibelle"]
[Result "1-0"]
[WhiteCountry "ENG"]
[BlackCountry "ENG"]
[WhiteElo "1483"]
[WhiteRD "52"]
[BlackElo "1084"]
[BlackRD "61"]
[GameID "420127"]

1. e4 e5 2. Nf3 Nc6 3. Bb5 Nge7 4. d3 g6 5. Be3 d6 6. O-O Bg7 7. Nc3 O-O 8. Bxc6 Nxc6 9. h3 a6 10. Ne2 b5
11. a3 Ne7 12. b4 c6 13. c4 f5 14. exf5 gxf5 15. Qb3 Ng6 16. c5+ Kh8 17. Rac1 Qe8 18. cxd6 Bd7 19. Rc5 Be6 20. Qc2 Qd8
21. Rxc6 Bd5 22. Rc7 Qxd6 23. Ng5 Qf6 24. Qc5 f4 25. Qxd5 Rad8 26. Qe6 Qxg5 27. Bd2 f3 28. Bxg5 Rde8 29. Qd7 Rb8 30. Qxg7#
1-0

[Event "Middle rating MT"]
[Site "SchemingMind.com"]
[Date "2017.11.01"]
[Round "-"]
[White "Chessibelle"]
[Black "ray winteringham"]
[Result "0-1"]
[WhiteCountry "ENG"]
[BlackCountry "ENG"]
[WhiteElo "1084"]
[WhiteRD "61"]
[BlackElo "1483"]
[BlackRD "52"]
[GameID "420128"]

1. e4 c5 2. d3 Nc6 3. Nf3 d6 4. Be2 Bd7 5. O-O g6 6. c4 Bg7 7. Nbd2 e5 8. Nb3 f5 9. g3 Nf6 10. Ng5 f4
11. gxf4 Nd4 12. Qd2 exf4 13. Bd1 O-O 14. Qxf4 Ne8 15. Qe3 Bf6 16. f4 Nc7 17. Qf2 Bxg5 18. Qg3 Bh4 19. Qe3 Bh3 20. Qxh3 Nce6
21. Nd2 Nxf4 22. Qg4 Nxd3 23. Qh3 Qe7 24. Kh1 Be1 25. Qxd3 Bxd2 26. Qxd2 Rxf1+ 27. Kg2 Raf8 28. b3 Qxe4+ 29. Kh3 Nf3 30. Kg2 Nxd2+
0-1

[Event "Middle rating MT"]
[Site "SchemingMind.com"]
[Date "2017.11.05"]
[Round "-"]
[White "aliwood"]
[Black "Ronald R. Nurmi"]
[Result "0-1"]
[WhiteCountry "ENG"]
[BlackCountry "USA"]
[WhiteElo "1266"]
[WhiteRD "59"]
[BlackElo "1785"]
[BlackRD "77"]
[GameID "420171"]

1. Nf3 Nf6 2. d4 d5 3. c4 c6 4. Nc3 dxc4 5. a4 Bf5 6. e3 e6 7. Bxc4 Bb4 8. O-O O-O 9. Qe2 Bg4 10. Bd2 c5
0-1

[Event "Middle rating MT"]
[Site "SchemingMind.com"]
[Date "2017.11.04"]
[Round "-"]
[White "Ronald R. Nurmi"]
[Black "aliwood"]
[Result "1-0"]
[WhiteCountry "USA"]
[BlackCountry "ENG"]
[WhiteElo "1785"]
[WhiteRD "77"]
[BlackElo "1266"]
[BlackRD "59"]
[GameID "420172"]

1. d4 d5 2. c4 e6 3. Nf3 Nf6 4. g3 Be7 5. Bg2 O-O 6. O-O c5 7. cxd5 exd5 8. Nc3 Nc6 9. dxc5 Bxc5 10. Bg5 a6
11. Bxf6
1-0

[Event "Middle rating MT"]
[Site "SchemingMind.com"]
[Date "2017.11.04"]
[Round "-"]
[White "Wolli"]
[Black "Ronald R. Nurmi"]
[Result "0-1"]
[WhiteCountry "GER"]
[BlackCountry "USA"]
[WhiteElo "1509"]
[WhiteRD "86"]
[BlackElo "1785"]
[BlackRD "77"]
[GameID "420173"]

1. c4 e5 2. g3 Nf6 3. Bg2 c6 4. Nc3 d5 5. cxd5 cxd5 6. e3 Nc6 7. Nge2 Be7 8. O-O O-O 9. d4 e4 10. f3 exf3
11. Bxf3 Bh3 12. Bg2 Bxg2 13. Kxg2 Qc7 14. Nf4 Rad8 15. a3 a6 16. b4 b5 17. Qf3 Rfe8 18. Nfxd5 Qd7 19. Nxe7+ Rxe7 20. Bb2 Rde8
21. Rae1 Qe6 22. Bc1 Qd6 23. Rf2 Nxd4 24. exd4 Rxe1 25. Bf4 Qxd4
0-1

[Event "Middle rating MT"]
[Site "SchemingMind.com"]
[Date "2017.11.04"]
[Round "-"]
[White "Ronald R. Nurmi"]
[Black "Wolli"]
[Result "1-0"]
[WhiteCountry "USA"]
[BlackCountry "GER"]
[WhiteElo "1785"]
[WhiteRD "77"]
[BlackElo "1509"]
[BlackRD "86"]
[GameID "420174"]

1. d4 d5 2. Bf4 Nf6 3. e3 e6 4. Nd2 Be7 5. Bd3 b6 6. c3 O-O 7. Ngf3 Nbd7 8. Ne5 Nxe5 9. dxe5 Nh5 10. Qxh5 g6
11. Qe2 c5 12. O-O f6 13. exf6 Bxf6 14. Nf3 Bb7 15. Rad1 Qe7 16. e4 dxe4 17. Bxe4 Bxe4 18. Qxe4 Rad8 19. Rfe1 Rxd1 20. Rxd1 Re8
21. Ne5
1-0

[Event "Middle rating MT"]
[Site "SchemingMind.com"]
[Date "2017.11.01"]
[Round "-"]
[White "Ronald R. Nurmi"]
[Black "ray winteringham"]
[Result "1-0"]
[WhiteCountry "USA"]
[BlackCountry "ENG"]
[WhiteElo "1737"]
[WhiteRD "84"]
[BlackElo "1443"]
[BlackRD "51"]
[GameID "420175"]

1. d4 d5 2. Bf4 Bf5 3. c4 e6 4. Nc3 Bb4 5. e3 Nf6 6. a3 Bxc3+ 7. bxc3 Ne4 8. Qb3 b6 9. Nf3 f6 10. cxd5 exd5
11. h3 O-O 12. Be2 g5 13. Bh2 c6 14. Nd2 Nxd2 15. Kxd2 Nd7 16. h4 h6 17. hxg5 fxg5 18. g4 Bg6 19. f4 Kg7 20. fxg5 Qxg5
21. Bf4 Rxf4 22. exf4 Qxf4+ 23. Kd1 Qd6 24. Qb2 Be4 25. Re1 Rf8 26. Qd2 Nf6 27. g5 Ng8 28. gxh6+ Nxh6 29. Qg5+ Qg6 30. Qxg6+ Kxg6
31. Rg1+ Kh7 32. Kd2 Nf5 33. Bd3 Nh4 34. Bxe4+ dxe4 35. Rg4 Nf3+ 36. Ke3 Rg8 37. Rh1+
1-0

[Event "Middle rating MT"]
[Site "SchemingMind.com"]
[Date "2017.11.01"]
[Round "-"]
[White "ray winteringham"]
[Black "Ronald R. Nurmi"]
[Result "0-1"]
[WhiteCountry "ENG"]
[BlackCountry "USA"]
[WhiteElo "1443"]
[WhiteRD "51"]
[BlackElo "1737"]
[BlackRD "84"]
[GameID "420176"]

1. e4 d5 2. exd5 Qxd5 3. Nc3 Qd6 4. Be2 Nf6 5. Nf3 c6 6. d3 Bf5 7. g3 h6 8. Be3 e6 9. a3 Be7 10. Kd2 Nbd7
11. b4 Qc7 12. Nd4 Bg6 13. Bf3 O-O 14. h4 Rad8 15. Kc1 c5 16. bxc5 Nxc5 17. Nb3 Nxb3+ 18. Kb2 Nxa1 19. Qxa1 Bxd3 20. cxd3 Rxd3
21. Rc1 Bc5 22. Nb5 Qe5+ 23. Nc3 Bxe3 24. fxe3 Qxe3
0-1

[Event "Middle rating MT"]
[Site "SchemingMind.com"]
[Date "2017.11.01"]
[Round "-"]
[White "Ronald R. Nurmi"]
[Black "Chessibelle"]
[Result "1-0"]
[WhiteCountry "USA"]
[BlackCountry "ENG"]
[WhiteElo "1737"]
[WhiteRD "84"]
[BlackElo "1107"]
[BlackRD "60"]
[GameID "420177"]

1. d4 d5 2. Bf4 Nc6 3. e3 Nf6 4. Nd2 g6 5. Ngf3 e6 6. c4 Bd7 7. Bd3 Nb4 8. Be2 Bg7 9. O-O O-O 10. a3 Nc6
11. b4 a6 12. cxd5 exd5 13. Rc1 Ng4 14. h3 Nf6 15. Nb3 Nh5 16. Bh2 Ne7 17. Rxc7 Nf5 18. Rxb7 Bc6 19. Nc5 Nf6 20. Rc7 Ne7
21. Nb7 Qe8 22. Rxc6 Nxc6 23. Nc5 Ne4 24. Nxe4 Qxe4 25. Bd6 Rfd8 26. Bc5 h5 27. Bd3 Qe6 28. Qe2 Nb8 29. Rc1 Nd7 30. Qb2 f5
31. Qb3 Qf6 32. Qxd5+ Kh7 33. Qd6 Qf7 34. Ng5+ Kg8 35. Nxf7 Kxf7 36. Bc4+ Ke8 37. Qxg6#
1-0

[Event "Middle rating MT"]
[Site "SchemingMind.com"]
[Date "2017.11.01"]
[Round "-"]
[White "Chessibelle"]
[Black "Ronald R. Nurmi"]
[Result "0-1"]
[WhiteCountry "ENG"]
[BlackCountry "USA"]
[WhiteElo "1107"]
[WhiteRD "60"]
[BlackElo "1737"]
[BlackRD "84"]
[GameID "420178"]

1. e4 d5 2. f3 dxe4 3. fxe4 e5 4. d3 Nc6 5. Nc3 Nf6 6. b3 Bb4 7. Bd2 O-O 8. g3 Bg4 9. Nge2 Qd7 10. a3 Bc5
11. Bg2 Rad8 12. Qc1 a6 13. Bg5 Be7 14. b4 b5 15. h3 Be6 16. O-O Bxh3 17. Bh4 Nd4 18. Qd1 Nxe2+ 19. Qxe2 Qd4+ 20. Kh2 Bxg2
21. Qxg2 Qxc3 22. Kh3 Qd4 23. Qd2 Nxe4 24. Qe2 Bxh4 25. gxh4 Nf6 26. Qg2 Nh5 27. Rf5 Nf4+ 28. Rxf4 Qxf4 29. Rf1 Qd4 30. Rd1 f5
31. Qd2 e4 32. Qf4 exd3 33. Qxc7 Qg4+ 34. Kh2 Qxd1 35. h5 Qxh5+ 36. Kg3 d2 37. Qe5 d1=Q 38. Qe6+ Rf7
0-1

[Event "Middle rating MT"]
[Site "SchemingMind.com"]
[Date "2017.11.03"]
[Round "-"]
[White "aliwood"]
[Black "EndeavourMorse"]
[Result "0-1"]
[WhiteCountry "ENG"]
[BlackCountry "SCO"]
[WhiteElo "1266"]
[WhiteRD "59"]
[BlackElo "1458"]
[BlackRD "86"]
[GameID "420226"]

1. Nf3 e6 2. d4 d5 3. g3 Nf6 4. Bg2 Be7 5. c4 c5 6. O-O O-O 7. cxd5 exd5 8. Nc3 Nc6 9. a3 Qb6 10. b4 cxb4
11. axb4 Nxb4 12. Rb1 a5 13. Bg5 Qc6 14. Qd2 Bf5 15. Ra1 Rfe8
0-1

[Event "Middle rating MT"]
[Site "SchemingMind.com"]
[Date "2017.11.03"]
[Round "-"]
[White "EndeavourMorse"]
[Black "aliwood"]
[Result "1-0"]
[WhiteCountry "SCO"]
[BlackCountry "ENG"]
[WhiteElo "1458"]
[WhiteRD "86"]
[BlackElo "1266"]
[BlackRD "59"]
[GameID "420227"]

1. b3 e5 2. Bb2 Nc6 3. e3 Nf6 4. Bb5 a6 5. Bxc6 dxc6 6. Bxe5 Be7 7. Nf3 h6 8. O-O O-O 9. Bb2 Bd6 10. c4 c5
11. Nc3 c6 12. Ne2 b6 13. Ng3 Re8 14. Nf5 Bxf5 15. Nh4 Bd3 16. Re1
1-0

[Event "Middle rating MT"]
[Site "SchemingMind.com"]
[Date "2017.11.03"]
[Round "-"]
[White "Wolli"]
[Black "EndeavourMorse"]
[Result "1-0"]
[WhiteCountry "GER"]
[BlackCountry "SCO"]
[WhiteElo "1575"]
[WhiteRD "99"]
[BlackElo "1590"]
[BlackRD "121"]
[GameID "420228"]

1. c4 e6 2. g3 d5 3. Bg2 Nf6 4. cxd5 exd5 5. d4 Bb4+ 6. Nc3 O-O 7. a3 Bd6 8. Bg5 Be7 9. Bxf6 Bxf6 10. Nf3 Nc6
11. O-O Be6 12. e3 Be7 13. Rc1 a6 14. Qd3 Bd7 15. Nxd5 Bf6 16. Rc3 Be6 17. Nxf6+ gxf6 18. Rfc1 Qd7 19. e4 Bg4 20. d5 Bxf3
21. Qxf3 Nd4 22. Qe3 Nb5 23. R3c2 Rac8 24. Qf4 Kg7 25. Bf1 Nd6 26. h4 c6 27. dxc6 Rxc6 28. Rxc6 bxc6 29. Bxa6 Nb5 30. Qf5 Qd2
31. Rxc6 Nd6 32. Qg4+ Kh6 33. Qf4+ Qxf4 34. gxf4 Nxe4 35. f3 Rg8+ 36. Kh2 Nd2 37. Rxf6+ Kg7 38. Rd6 Nxf3+ 39. Kg3 Ne1 40. Rd2 Kf6+
41. Kf2 Ng2 42. b4 Nxf4 43. b5 Rg2+ 44. Ke3 Rxd2 45. Kxd2 Nd5 46. Kd3 Ke6 47. Bb7 Nf4+ 48. Kd4 Kd6 49. b6 Ne6+ 50. Kc4 Nc5
51. Bd5 f5 52. b7 Nd7 53. Bf3 Kc7 54. Kb5 Ne5 55. Bd5 f4 56. a4 f3 57. a5 f2 58. Bg2 Ng4 59. a6 Ne3 60. a7 Nxg2
61. b8=Q+ Kd7 62. Qb7+
1-0

[Event "Middle rating MT"]
[Site "SchemingMind.com"]
[Date "2017.11.03"]
[Round "-"]
[White "EndeavourMorse"]
[Black "Wolli"]
[Result "0-1"]
[WhiteCountry "SCO"]
[BlackCountry "GER"]
[WhiteElo "1590"]
[WhiteRD "121"]
[BlackElo "1575"]
[BlackRD "99"]
[GameID "420229"]

1. b3 b6 2. Bb2 Bb7 3. e3 Nf6 4. Bxf6 exf6 5. Nf3 Nc6 6. Bb5 a6 7. Be2 Be7 8. d4 O-O 9. O-O d5 10. a3 b5
11. c4 dxc4 12. bxc4 b4 13. d5 Ne5 14. axb4 c6 15. e4 Bxb4 16. Nxe5 fxe5 17. Na3 cxd5 18. cxd5 a5 19. Nc4 f6 20. Nb6 Qxb6
21. Qb3 Kh8 22. Rfd1 Rad8 23. Rac1 Ba6 24. Rc2 Bxe2 25. Rxe2 Rc8 26. Rc2 Rc5 27. Rdc1 Rfc8 28. Rxc5 Rxc5 29. Rxc5 Bxc5 30. Qc2 Qb4
31. Kf1 a4 32. Qd3 a3 33. Qa6 h6 34. Kg1 Qb1+ 35. Qf1 Qxf1+ 36. Kxf1 a2
0-1

[Event "Middle rating MT"]
[Site "SchemingMind.com"]
[Date "2017.11.03"]
[Round "-"]
[White "Ronald R. Nurmi"]
[Black "EndeavourMorse"]
[Result "1-0"]
[WhiteCountry "USA"]
[BlackCountry "SCO"]
[WhiteElo "1785"]
[WhiteRD "77"]
[BlackElo "1458"]
[BlackRD "86"]
[GameID "420230"]

1. d4 d5 2. Bf4 e6 3. e3 c5 4. c3 cxd4 5. exd4 Nf6 6. Nf3 Bd6 7. Bg3 O-O 8. Nbd2 Nc6 9. Bd3 Qc7 10. Qe2 Re8
11. Ne5 a6 12. a4 Qb6 13. b4 a5 14. b5 Ne7 15. Ndf3 Bxe5 16. Nxe5 Nf5 17. Bf4 Nd7 18. Nf3 Nf6 19. O-O Bd7 20. Ne5 Rac8
21. Rac1 Rc7 22. Nxd7 Rxd7 23. Be5 Nh6 24. Bxf6 gxf6 25. Qh5 Kg7 26. f4 Qd8 27. Rf3 f5 28. Rg3+ Ng4 29. h3 Qf6 30. hxg4 Qg6
31. Qxg6+ fxg6 32. gxf5 exf5 33. Bxf5 Rde7 34. Bd3 b6 35. Rg5 Re3 36. Bf1 Rd8 37. Re5 Rg3 38. Kf2 Rg4 39. g3 h5 40. Bh3
1-0

[Event "Middle rating MT"]
[Site "SchemingMind.com"]
[Date "2017.11.03"]
[Round "-"]
[White "EndeavourMorse"]
[Black "Ronald R. Nurmi"]
[Result "0-1"]
[WhiteCountry "SCO"]
[BlackCountry "USA"]
[WhiteElo "1458"]
[WhiteRD "86"]
[BlackElo "1785"]
[BlackRD "77"]
[GameID "420231"]

1. b3 e5 2. Bb2 Nc6 3. e3 Nf6 4. Bb5 Bd6 5. d4 exd4 6. exd4 O-O 7. Bxc6 Re8+ 8. Ne2 dxc6 9. O-O Bg4 10. f3 Bf5
11. Re1 Qd7 12. Na3 b5 13. c4 b4 14. Nc2 a5 15. d5 Be7 16. dxc6 Qxc6 17. Ned4 Qc5 18. Kh1 Bg6 19. Ne3 Rad8 20. Qe2 Rxd4
21. Bxd4 Qxd4 22. Rad1 Qc5 23. Nd5 Nxd5 24. Rxd5 Qc6 25. Red1 f6 26. Rd7 Bd6 27. Rd8 Rxd8 28. Kg1 Bc5+ 29. Kf1 Rxd1+ 30. Qxd1 Qd6
31. Qe1 Qd3+
0-1

[Event "Middle rating MT"]
[Site "SchemingMind.com"]
[Date "2017.11.03"]
[Round "-"]
[White "ray winteringham"]
[Black "EndeavourMorse"]
[Result "0-1"]
[WhiteCountry "ENG"]
[BlackCountry "SCO"]
[WhiteElo "1483"]
[WhiteRD "52"]
[BlackElo "1590"]
[BlackRD "121"]
[GameID "420232"]

1. e4 e6 2. d4 d5 3. e5 c5 4. c3 cxd4 5. cxd4 Nc6 6. Nf3 Qb6 7. b3 Bb4+ 8. Bd2 Nxd4 9. Be2 Nxf3+ 10. Bxf3 Bxd2+
11. Nxd2 Ne7 12. O-O Ng6 13. Re1 O-O 14. g3 Qc7 15. Rc1 Qe7 16. Qe2 b6 17. Rc2 Bb7 18. Rec1 Rac8 19. h4 Rxc2 20. Rxc2 Rc8
21. Rxc8+ Bxc8 22. Bg2 Qc7 23. a4 Nxe5 24. f4 Qc5+ 25. Qf2 Qc1+ 26. Kh2 Ng4+
0-1

[Event "Middle rating MT"]
[Site "SchemingMind.com"]
[Date "2017.11.03"]
[Round "-"]
[White "EndeavourMorse"]
[Black "ray winteringham"]
[Result "1-0"]
[WhiteCountry "SCO"]
[BlackCountry "ENG"]
[WhiteElo "1590"]
[WhiteRD "121"]
[BlackElo "1483"]
[BlackRD "52"]
[GameID "420233"]

1. b3 g6 2. Bb2 Bg7 3. Bxg7 f6 4. Bxh8 Kf7 5. e3 Nh6 6. Bxf6 exf6 7. Bc4+ Kg7 8. Nf3 d5 9. Be2 Be6 10. d4 Nd7
11. Nbd2 c6 12. c4 dxc4 13. Bxc4 Qe7 14. Qc2 Re8 15. Bd3 Rc8 16. Bc4 b5 17. Bxb5 Nf8 18. Bc4 Bf5 19. Bd3 c5 20. Bxf5 Nxf5
21. O-O Qb7 22. dxc5 Ne6 23. Ne4 Rc6 24. Qc3 Nf8 25. Rfd1 Re6 26. Nd6 Nxd6 27. Rxd6 Qc7 28. Rad1 Kh6 29. Rxe6 Nxe6 30. Qxf6 Nxc5
31. Qg5+ Kg7 32. Rc1 Qd7 33. Qe5+ Kh6 34. Qf4+ Kg7 35. Qd4+ Qxd4 36. Nxd4 Nd3 37. Rc7+
1-0

[Event "Middle rating MT"]
[Site "SchemingMind.com"]
[Date "2017.11.03"]
[Round "-"]
[White "Chessibelle"]
[Black "EndeavourMorse"]
[Result "0-1"]
[WhiteCountry "ENG"]
[BlackCountry "SCO"]
[WhiteElo "1084"]
[WhiteRD "61"]
[BlackElo "1590"]
[BlackRD "121"]
[GameID "420234"]

1. e4 e6 2. Nf3 d5 3. Bd3 c5 4. c4 Nf6 5. a3 Nc6 6. O-O dxe4 7. Be2 exf3 8. Bxf3 Qc7 9. g3 Be7 10. Nc3 O-O
11. d3 Nd4 12. Bg4 Nxg4 13. Qxg4 e5 14. Qd1 Bd7 15. Re1 Bc6 16. Nd5 Bxd5 17. cxd5 Qd6 18. Qd2 Nf3+
0-1

[Event "Middle rating MT"]
[Site "SchemingMind.com"]
[Date "2017.11.03"]
[Round "-"]
[White "EndeavourMorse"]
[Black "Chessibelle"]
[Result "1-0"]
[WhiteCountry "SCO"]
[BlackCountry "ENG"]
[WhiteElo "1590"]
[WhiteRD "121"]
[BlackElo "1084"]
[BlackRD "61"]
[GameID "420235"]

1. b3 e5 2. Bb2 Nc6 3. e3 d6 4. Bb5 Bd7 5. d4 Nge7 6. dxe5 dxe5 7. Bxc6 bxc6 8. Bxe5 Nd5 9. Bb2 f6 10. Nf3 Bb4+
11. c3 Ba5 12. O-O O-O 13. Na3 Bb6 14. Nc4 Qb8 15. Re1 c5 16. Qxd5+ Rf7 17. Nxb6 axb6 18. Rad1 Qe8 19. b4 Qf8 20. a3 h6
21. Qe4 f5 22. Qe5 Rc8 23. Rd2 Re8 24. Qxc7 Kh7 25. Rxd7 Ree7 26. Rxe7 Rxe7 27. Qxb6 g6 28. Nh4 Rg7 29. Rd1 Qf7 30. Qxc5 h5
31. Nf3 g5 32. Ne5 Qf6 33. c4 f4 34. exf4 Qxf4 35. g3 Qe4 36. f3 Qe2 37. Qd4 Kh6 38. Qd6+ Kh7 39. Qd3+
1-0

[Event "Middle rating MT"]
[Site "SchemingMind.com"]
[Date "2017.11.04"]
[Round "-"]
[White "Mitch The Man"]
[Black "aliwood"]
[Result "1-0"]
[WhiteCountry "USA"]
[BlackCountry "ENG"]
[WhiteElo "1338"]
[WhiteRD "60"]
[BlackElo "1301"]
[BlackRD "55"]
[GameID "420262"]

1. e4 e5 2. Nf3 Nc6 3. c3 d5 4. Qc2 Nf6 5. Bd3 Bd6 6. O-O O-O 7. Re1 dxe4 8. Bxe4 Nxe4 9. Qxe4 f5 10. Qc2 b6
11. d3 Be6 12. Bg5 Qd7 13. Kh1 Be7 14. Bxe7 Qxe7 15. Nxe5 Nxe5 16. Rxe5 Rad8 17. Nd2 f4 18. Nf3 c5 19. Qe2 Rfe8 20. c4 Qf7
21. b3 Bg4 22. Rxe8+ Rxe8 23. Qd2 h6 24. Ng1 Qf6 25. Re1 Rf8 26. f3 Bh5 27. b4 g5 28. b5 g4 29. Re4 g3 30. Qe1 gxh2
31. Re6 Qh4 32. Qxh4
1-0